Technologické prostredie-dôležitý faktor rozvoja miestnej ekonomiky

Na minha lista:
Detalhes bibliográficos
Autor principal: Hasprová, Mária, 1970-
Outros Autores: Veselovská, Stanislava, 1957-
Formato: Capítulo de Livro
Idioma:eslovaco
Tags: Adicionar Tag
Sem tags, seja o primeiro a adicionar uma tag!

MARC

LEADER 00000naa$a2200000$$$4500
001 0062757
005 20240502071717.7
041 0 |a slo 
044 |a SK 
245 1 0 |a Technologické prostredie-dôležitý faktor rozvoja miestnej ekonomiky  |c Mária Hasprová, Stanislava Veselovská 
100 1 |a Hasprová, Mária, 1970- 
700 1 |a Veselovská, Stanislava, 1957-